ბათუმის შოთა რუსთაველის სახელმწიფო უნივერსიტეტის ბიბლიოთეკა

Коммерческое ценообразование: (ბიბ.ჩანაწერი № 36994)

000 -LEADER
fixed length control field 00574nam a2200217Ia 4500
001 - CONTROL NUMBER
control field 2946
003 - CONTROL NUMBER IDENTIFIER
control field GE_BSU
008 - FIXED-LENGTH DATA ELEMENTS--GENERAL INFORMATION
fixed length control field 181216s||||||||xx |||||||||||||| ||und||
020 ## - INTERNATIONAL STANDARD BOOK NUMBER
International Standard Book Number 5856992035
040 ## - CATALOGING SOURCE
Transcribing agency GE_BSU
080 ## - UNIVERSAL DECIMAL CLASSIFICATION NUMBER
Universal Decimal Classification number 338.5(075.8)
100 ## - MAIN ENTRY--PERSONAL NAME
Personal name Липсиц,И.В.
245 ## - TITLE STATEMENT
Title Коммерческое ценообразование:
245 ## - TITLE STATEMENT
Remainder of title Учебник для вузов
260 ## - PUBLICATION, DISTRIBUTION, ETC.
Place of publication, distribution, etc. Москва
260 ## - PUBLICATION, DISTRIBUTION, ETC.
Name of publisher, distributor, etc. БЕК
260 ## - PUBLICATION, DISTRIBUTION, ETC.
Date of publication, distribution, etc. 1997
300 ## - PHYSICAL DESCRIPTION
Extent 368 ст.
653 ## - INDEX TERM--UNCONTROLLED
Uncontrolled term Коммерческое ценообразование:
942 ## - ADDED ENTRY ELEMENTS (KOHA)
Koha item type წიგნი
ეგზემპლარები
Withdrawn status Lost status Damaged status Not for loan Date acquired Barcode Date last seen Price effective from Koha item type Public note
        2018-12-17 7881 2018-12-17 2018-12-17 წიგნი დარბაზი
        2018-12-17 7882 2018-12-17 2018-12-17 წიგნი დარბაზბ
        2018-12-17 8209 2018-12-17 2018-12-17 წიგნი დარბაზი